जाति का ज़हर / (Record no. 118918)

MARC details
000 -LEADER
fixed length control field 00993nam a22002537a 4500
005 - DATE AND TIME OF LATEST TRANSACTION
control field 20170124103123.0
010 ## - LIBRARY OF CONGRESS CONTROL NUMBER
LC control number A-921907
020 ## - INTERNATIONAL STANDARD BOOK NUMBER
Terms of availability 00.00
035 ## - SYSTEM CONTROL NUMBER
System control number A-921907
037 ## - SOURCE OF ACQUISITION
Source of stock number/acquisition Cen Lib / Ret
040 ## - CATALOGING SOURCE
Original cataloging agency DPL
Language of cataloging HN
082 ## - DEWEY DECIMAL CLASSIFICATION NUMBER
Classification number 305.5
Item number जातिका
245 ## - TITLE STATEMENT
Title जाति का ज़हर /
Statement of responsibility, etc संपादक राजकिशोर
246 ## - VARYING FORM OF TITLE
Title proper/short title Jati ka jahar /
Remainder of title sampadak Rajkishor
260 ## - PUBLICATION, DISTRIBUTION, ETC. (IMPRINT)
Place of publication, distribution, etc नयी दिल्ली
Name of publisher, distributor, etc वाणी प्रकाशन
Date of publication, distribution, etc 1998
270 ## - ADDRESS
City नयी दिल्ली
Address 21-ए, दरियागंज
Postal code 110002
300 ## - PHYSICAL DESCRIPTION
Extent 139पृ.
Dimensions 20सेमी (सजिल्द)
650 ## - SUBJECT ADDED ENTRY--TOPICAL TERM
Topical term or geographic name as entry element जाति प्रथा--भारत
9 (RLIN) 1180
650 ## - SUBJECT ADDED ENTRY--TOPICAL TERM
Topical term or geographic name as entry element सामाजिक न्याय--भारत
9 (RLIN) 82514
650 ## - SUBJECT ADDED ENTRY--TOPICAL TERM
Topical term or geographic name as entry element Caste - India
9 (RLIN) 82515
650 ## - SUBJECT ADDED ENTRY--TOPICAL TERM
Topical term or geographic name as entry element Social Justice - India
9 (RLIN) 9207
700 ## - ADDED ENTRY--PERSONAL NAME
Personal name राजकिशोर
9 (RLIN) 82516
942 ## - ADDED ENTRY ELEMENTS (KOHA)
Source of classification or shelving scheme Dewey Decimal Classification
Koha item type Hindi Books
Classification part 305.5
Call number suffix जातिका
Holdings
Withdrawn status Lost status Damaged status Not for loan Home library Current library Date acquired Source of acquisition Cost, normal purchase price Total Checkouts Full call number Barcode Date last seen Date checked out Copy number Cost, replacement price Price effective from Koha item type
        Central Library Central Library 14/09/2015 Cen Lib/Ref 0.00 1 305.5 जातिका A-921907 27/06/2023 20/06/2023 1 0.00 14/09/2015 Hindi Books

© Delhi Public Library
Hit Counter
free hit counter